<?xml version="1.0" encoding="UTF-8"?>
<record
    xmlns:xsi="http://www.w3.org/2001/XMLSchema-instance"
    xsi:schemaLocation="http://www.loc.gov/MARC21/slim http://www.loc.gov/standards/marcxml/schema/MARC21slim.xsd"
    xmlns="http://www.loc.gov/MARC21/slim">

  <leader>02330nam a2200469 i 4500</leader>
  <controlfield tag="003">BO-EaUP</controlfield>
  <controlfield tag="005">20260428171736.0</controlfield>
  <controlfield tag="008">260428t2022    ck ad   r     001 0 spa d</controlfield>
  <datafield tag="020" ind1=" " ind2=" ">
    <subfield code="a">978-958-503-388-7</subfield>
  </datafield>
  <datafield tag="040" ind1=" " ind2=" ">
    <subfield code="a">BO-EaUP</subfield>
    <subfield code="c">Biblioteca admiempresas</subfield>
    <subfield code="e">RDA</subfield>
    <subfield code="b">spa</subfield>
  </datafield>
  <datafield tag="041" ind1="1" ind2=" ">
    <subfield code="a">spa</subfield>
    <subfield code="h">spa</subfield>
  </datafield>
  <datafield tag="043" ind1=" " ind2="2">
    <subfield code="a">n-sp</subfield>
  </datafield>
  <datafield tag="082" ind1="0" ind2="4">
    <subfield code="a">658.05</subfield>
    <subfield code="2">21</subfield>
  </datafield>
  <datafield tag="092" ind1=" " ind2=" ">
    <subfield code="a">658.05</subfield>
    <subfield code="S">M828t</subfield>
  </datafield>
  <datafield tag="100" ind1="1" ind2=" ">
    <subfield code="a">Morales Castro, Arturo</subfield>
    <subfield code="e">Autor</subfield>
    <subfield code="9">29</subfield>
  </datafield>
  <datafield tag="245" ind1=" " ind2=" ">
    <subfield code="a">Trasformaci&#xF3;n digital en las empresas : un enfoque desde la administraci&#xF3;n de la teor&#xED;a a la pr&#xE1;ctica / /</subfield>
    <subfield code="b">Arturo Morales</subfield>
  </datafield>
  <datafield tag="250" ind1=" " ind2=" ">
    <subfield code="a">Primera edici&#xF3;n</subfield>
  </datafield>
  <datafield tag="260" ind1=" " ind2=" ">
    <subfield code="a">Bogot&#xE1;, Colombia:</subfield>
    <subfield code="b">Ecoe Ediciones,</subfield>
    <subfield code="c">2022</subfield>
  </datafield>
  <datafield tag="264" ind1=" " ind2=" ">
    <subfield code="c">.</subfield>
  </datafield>
  <datafield tag="300" ind1=" " ind2=" ">
    <subfield code="a">xvii, 251 p&#xE1;ginas ;</subfield>
    <subfield code="b">ilustraciones  (blanco y negro), figuras, tablas ;</subfield>
    <subfield code="c">17 x 24 cent&#xED;metros.-- (Ciencias empresariales. Administraci&#xF3;n) ;</subfield>
    <subfield code="f">R&#xFA;stico ;</subfield>
    <subfield code="g">Tama&#xF1;o carta</subfield>
  </datafield>
  <datafield tag="336" ind1=" " ind2=" ">
    <subfield code="2">rdacontent</subfield>
    <subfield code="a">texto</subfield>
    <subfield code="b">txt</subfield>
  </datafield>
  <datafield tag="337" ind1=" " ind2=" ">
    <subfield code="a">no mediado</subfield>
    <subfield code="b">n</subfield>
    <subfield code="2">rdamedia</subfield>
  </datafield>
  <datafield tag="338" ind1=" " ind2=" ">
    <subfield code="a">volumen</subfield>
    <subfield code="b">nc</subfield>
    <subfield code="2">rdacarrier</subfield>
  </datafield>
  <datafield tag="505" ind1="2" ind2=" ">
    <subfield code="a">Cap&#xED;tulo 1. Administraci&#xF3;n y Tecnolog&#xED;a.- </subfield>
  </datafield>
  <datafield tag="505" ind1="2" ind2=" ">
    <subfield code="a">Cap&#xED;tulo 2. La Administraci&#xF3;n con Microsoft Office 365.-</subfield>
  </datafield>
  <datafield tag="505" ind1="2" ind2=" ">
    <subfield code="a">Cap&#xED;tulo 3. Administraci&#xF3;n de Proyectos Digitales.-</subfield>
  </datafield>
  <datafield tag="505" ind1="2" ind2=" ">
    <subfield code="a">Cap&#xED;tulo 4. La Planeaci&#xF3;n.- </subfield>
  </datafield>
  <datafield tag="505" ind1="2" ind2=" ">
    <subfield code="a">Cap&#xED;tulo 5. La Organizaci&#xF3;n.- </subfield>
  </datafield>
  <datafield tag="505" ind1="2" ind2=" ">
    <subfield code="a">Cap&#xED;tulo 6. La Direcci&#xF3;n.- </subfield>
  </datafield>
  <datafield tag="505" ind1="2" ind2=" ">
    <subfield code="a">Cap&#xED;tulo 7. El control.- </subfield>
  </datafield>
  <datafield tag="505" ind1="2" ind2=" ">
    <subfield code="a">Cap&#xED;tulo 8. La Empresa y sus &#xC1;reas funcionales.- </subfield>
  </datafield>
  <datafield tag="505" ind1="2" ind2=" ">
    <subfield code="a">Cap&#xED;tulo 9. administraci&#xF3;n &#xC1;gil de la Tecnolog&#xED;a.- </subfield>
  </datafield>
  <datafield tag="505" ind1="2" ind2=" ">
    <subfield code="a">Cap&#xED;tulo 10. La empresa y el control digital.- </subfield>
  </datafield>
  <datafield tag="520" ind1=" " ind2=" ">
    <subfield code="a">Este libro es un referente muy novedoso al combinar la administraci&#xF3;n estrat&#xE9;gica en cada una de sus etapas administrativas con el uso de programas tecnol&#xF3;gicos inform&#xE1;ticos como Microsoft Office, con toda su vasta cadena de herramientas, muchas de ellas poco utilizadas, pero donde los autores remarcan c&#xF3;mo se pueden utilizar en cada etapa administrativa, e incluso por &#xE1;reas funcionales: producci&#xF3;n, mercadotecnia, finanzas, recursos humanos. </subfield>
  </datafield>
  <datafield tag="650" ind1="1" ind2="4">
    <subfield code="a">ADMINISTRACI&#xD3;N DE EMPRESAS</subfield>
    <subfield code="9">1951</subfield>
    <subfield code="v">procesamiento de datos</subfield>
  </datafield>
  <datafield tag="650" ind1="1" ind2="4">
    <subfield code="a">INNOVACI&#xD3;N TECNOL&#xD3;GICA</subfield>
    <subfield code="9">113</subfield>
  </datafield>
  <datafield tag="653" ind1=" " ind2=" ">
    <subfield code="a">MICRSOFT OFFICE</subfield>
  </datafield>
  <datafield tag="653" ind1=" " ind2=" ">
    <subfield code="a">PROGRAMAS PARA COMPUTADOR</subfield>
  </datafield>
  <datafield tag="653" ind1=" " ind2=" ">
    <subfield code="a">PROCESAMIENTO DE DATOS</subfield>
  </datafield>
  <datafield tag="653" ind1=" " ind2=" ">
    <subfield code="a">CIENCIAS EMPRESARIALES</subfield>
  </datafield>
  <datafield tag="942" ind1=" " ind2=" ">
    <subfield code="2">ddc</subfield>
    <subfield code="c">BK</subfield>
    <subfield code="n">0</subfield>
    <subfield code="e">21</subfield>
  </datafield>
  <datafield tag="999" ind1=" " ind2=" ">
    <subfield code="c">5498</subfield>
    <subfield code="d">5498</subfield>
  </datafield>
  <datafield tag="952" ind1=" " ind2=" ">
    <subfield code="0">0</subfield>
    <subfield code="1">0</subfield>
    <subfield code="2">ddc</subfield>
    <subfield code="4">0</subfield>
    <subfield code="7">0</subfield>
    <subfield code="8">TGE</subfield>
    <subfield code="a">BEAE</subfield>
    <subfield code="b">BEAE</subfield>
    <subfield code="c">AGE</subfield>
    <subfield code="d">2026-04-28</subfield>
    <subfield code="e">Compra</subfield>
    <subfield code="i">HBAEOA06-0581</subfield>
    <subfield code="l">0</subfield>
    <subfield code="o">658.05/M828t</subfield>
    <subfield code="p">HBAEOA06-0581</subfield>
    <subfield code="r">2026-04-28 17:09:47</subfield>
    <subfield code="t">1</subfield>
    <subfield code="w">2026-04-28</subfield>
    <subfield code="y">BK</subfield>
  </datafield>
</record>
